LEADER 00897nam0-2200313 --450 001 9911014769003321 005 20250731122009.0 010 $a88-464-6655-1 020 $aIT$b2006-1681 100 $a20250731d2005----kmuy0itay5050 ba 101 0 $aita 102 $aIT 105 $a 001yy 200 1 $a<>centro e la circonferenza$eprofili di storia dell'amministrazione locale$fPiero Aimo 210 $aMilano$cF. Angeli$d[2005] 215 $a296 p.$d23 cm 225 1 $aStoria$v350 300 $aScritti già pubbl. 610 0 $aAmministrazione locale$aItalia$aSec. 18.-20. 676 $a352$v19 676 $a351.45$v21 700 1$aAimo,$bPiero$0144293 801 0$aIT$bUNINA$gREICAT$2UNIMARC 901 $aBK 912 $a9911014769003321 952 $a320.8 AIMO 03$b2025/2598$fFLFBC 959 $aFLFBC 996 $aCentro e la circonferenza$91094470 997 $aUNINA